00869nas a2200229Ia 4500001001100000003000900011008004100020040001300061040001300074041001300087100004800100210001600148222001600164245009900180250001100279260002800290501008600318300001700404362003500421500014700456650003600603R017/67539IT-RoPAU151124c99999999xx |||||||||||| ||und|| aIT-RoPAU cIT-RoPAU aITALIANO aPozzolini AlbertogCodice Aut. SPICS: 36857 aFILMCRITICA aFilmcritica aFILMCRITICA, ANNO 15-N.141 (GENNAIO 1964)bE' Possibile Una Storia Comparata Dello Spettacolo? a1a ed. aROMAbFILMCRITICAc1964 bPaulus - SPICS - Società San Paolo EM (non-commercial uses only)cCopyright2015 a9 p. [18-26] aANNO 015, N.141 (GENNAIO 1964) aAnni del Neorealismo. Mito della Resistenza. Teatro del Dopoguerra. Nascita del Piccolo Teatro. Televisione Nello Spettacolo. Teatro Musicale. aCINEMAvPUBBLICAZIONE PERIODICA